| 000 | 00374nam a2200169Ia 4500 | ||
|---|---|---|---|
| 001 | 14260 | ||
| 005 | 20260306164901.0 | ||
| 008 | 260306t9999||||xx |||||||||||||| ||spa|| | ||
| 041 | _aESP | ||
| 082 |
_a510.076 _bG73 |
||
| 100 |
_aGoñi Galarza, Juan _eAUT |
||
| 245 | 0 | _aBase Matemática | |
| 300 |
_a _c |
||
| 650 | _aGEN | ||
| 654 | _aCMA | ||
| 942 |
_cLIB _dJUS _fJUS _2ddc _n |
||
| 999 |
_c14260 _d14260 |
||